<?xml version="1.0" encoding="UTF-8"?>
<collection xmlns="http://www.loc.gov/MARC21/slim">
  <record>
    <leader>00000nam  2200000   4500</leader>
    <controlfield tag="001">INLIS000000000050804</controlfield>
    <controlfield tag="005">20170707020154</controlfield>
    <datafield tag="035" ind1="#" ind2="#">
      <subfield code="a">0010-0717000003</subfield>
    </datafield>
    <controlfield tag="007">ta</controlfield>
    <controlfield tag="008">170707###########################0#ind##</controlfield>
    <datafield tag="082" ind1="#" ind2="#">
      <subfield code="a">306.095 982 3</subfield>
    </datafield>
    <datafield tag="084" ind1="#" ind2="#">
      <subfield code="a">306.095 982 3 PEM</subfield>
    </datafield>
    <datafield tag="245" ind1="#" ind2="#">
      <subfield code="a">Pembinaan budaya dalam lingkungan keluarga daerah istimewa yogyakarta /</subfield>
      <subfield code="c">Dra. Taryati, Drs. Darto Harnoko, Drs. Mudjijono, Suhatno, B.A.</subfield>
    </datafield>
    <datafield tag="260" ind1="#" ind2="#">
      <subfield code="a">Jakarta :</subfield>
      <subfield code="b">Depdikbud,</subfield>
      <subfield code="c">1995</subfield>
    </datafield>
    <datafield tag="300" ind1="#" ind2="#">
      <subfield code="a">xi,148 hlm. :</subfield>
      <subfield code="b">Ilustrasi ;</subfield>
      <subfield code="c">23 cm.</subfield>
    </datafield>
    <datafield tag="650" ind1="#" ind2="#">
      <subfield code="a">Budaya - Yogyakarta</subfield>
    </datafield>
    <datafield tag="990" ind1="#" ind2="#">
      <subfield code="a">88398839</subfield>
    </datafield>
    <datafield tag="990" ind1="#" ind2="#">
      <subfield code="a">78.405/hd.94</subfield>
    </datafield>
  </record>
</collection>
